000
00279nam a22001217a 4500
008
170914b xxu||||| |||| 00| 0 eng d
041
_a
eng
080
_a
7
100
_a
44
101
_a
SRT
245
_a
FUNJ WAGNALLS 1003 SCIENCE YEAR BOOK
_c
HOLLAND.L
942
_2
udc
_c
BK
999
_c
27715
_d
27715